Statistics for Antigrams Quiz

Click here to take the quiz!

General Stats

  • This quiz has been taken 18 times
  • The average score is 3 of 22

Answer Stats

HintAnswer% Correct
UntiedUnited
82%
SantaSatan
53%
Ill-fedFilled
41%
SilentListen
35%
Nice LoveViolence
24%
Arise LateEarliest
18%
AiledIdeal
18%
FlusterRestful
18%
Non FireInferno
12%
Not AgainstAntagonist
6%
No More StarsAstronomers
6%
Mad PolicyDiplomacy
6%
Real FunFunerals
6%
True LadyAdultery
0%
Arch SaintsAnarchists
0%
Aim to CondemnCommendation
0%
A Docile ManDemoniacal
0%
Tidier RoomsDormitories
0%
Evil's AgentEvangelist
0%
Limit ArmsMilitarism
0%
It's More FunMisfortune
0%
Entails SinsSaintliness
0%

Score Distribution

Percentile by Number Answered

Percent of People with Each Score

Your Score History

You have not taken this quiz